000 00810nam a22002297a 4500
005 20170123164140.0
010 _aB-154923
020 _c200.00
035 _aB-154923
040 _aDPL
_bPN
082 _a260
_bਰਮਿੰਦ
100 _aਰਮਿੰਦਰ ਸਿੰਘ
_915704
245 _aਗੁਰੂ ਛੰਦ ਪ੍ਕਾਸ਼ /
_cਰਮਿੰਦਰ ਸਿੰਘ
246 _aGuru channd parkash
_bby Raminder singh
260 _aਦੇਹਰਾਦੂਨ
270 _aਪੋਸਟ ਬੋਕਸ ਨੰ 188
_bਦੇਹਰਾਦੂਨ
_e248001
300 _axii,237p.
_c22cm(Hb)
650 _aਪੰਜਾਬੀ ਸਾਹਿਤ
_9779
650 _aਪੰਜਾਬੀ ਛੰਦ
_91301
650 _aPunjabi Literature-Poetry
_96011
942 _2ddc
_cPN
_h260
_mਰਮਿੰਦ
999 _c109637
_d109637